| 000 | 01380nas a2200265 i 4500 | ||
|---|---|---|---|
| 001 | 178257 | ||
| 003 | ES-MaACL | ||
| 005 | 20250527144111.0 | ||
| 008 | 110524d17371742sp | n | ||pa d | ||
| 245 | 0 | 0 |
_aDiario de los literatos de España _b: en que se reducen a compendio los escritos de los autores españoles, y se hace juicio de sus obras, desde el año 1737 (hasta octubre de 1738) / _c[compuesto por ... Francisco Manuel de Huerta, Juan Martínez Salafranca y Leopoldo Gerónimo Puig]. |
| 260 |
_aMadrid : _bAntonio Marín : _bImp. Real, _c1737-1742. |
||
| 300 |
_a7 v. ; _c15 cm. |
||
| 362 | 0 | _aT.1 (en.-marzo 1737) - t.7 (3. trimestre 1738) | |
| 530 | _aDisponible en formato digital. | ||
| 555 |
_aÍndice _dDiario de los literatos de España (1737-1742) : índices (onomástico, toponímico y de obras) [sign. en BAM: N-4923] |
||
| 594 | _aAutores tomados en los preliminares. | ||
| 650 | 4 |
_aLiteratura española- _xHistoria y crítica _914560 |
|
| 700 | 1 |
_aHuerta y Vega, Francisco Xavier Manuel de la. _9146703 |
|
| 700 | 1 |
_aMartínez Salafranca, Juan Miguel, _d1697-1772 _9146704 |
|
| 700 | 1 |
_aPuig, Leopoldo Jerónimo. _9131421 |
|
| 852 |
_aES-MaACL _jR-930-36 _z- Enc. perg. _x Olim: G-3961-7 |
||
| 856 |
_uhttp://bdh-rd.bne.es/viewer.vm?id=0000014531&page=1 _zBiblioteca Digital Hispánica |
||
| 866 | 0 | _o1737-1738 | |
| 999 |
_c178257 _d178257 |
||